00625 2200229 4500001002100000005001500021035002000036007000300056008004100059020002200100082001000122084001600132100002200148245006200170250001000232260003700242300003600279650003600315700002200351990001100373990001100384INLIS00000000000421520191014022810 a0010-1019000067ta191014 g 0 ind  a978-602-6559-38-8 a745.5 a745.5 SIL k0 aSILVANA, Solichah1 aKeterampilan Kolase /cSilvana Solichah, Novidewi Ayusari acet.1 aYogyakarta :bIndopublika,c2017 aiv, 111 hlm. :bilus. ;c23 cm. 4aSENI DEKORASI. KERAJINAN TANGAN0 aNOVIDEWI, Ayusari a6938 a a6938 b